<?xml version="1.0" encoding="UTF-8"?><?xml-stylesheet type="text/xsl" href="static/style.xsl"?><OAI-PMH xmlns="http://www.openarchives.org/OAI/2.0/" xmlns:xsi="http://www.w3.org/2001/XMLSchema-instance" xsi:schemaLocation="http://www.openarchives.org/OAI/2.0/ http://www.openarchives.org/OAI/2.0/OAI-PMH.xsd"><responseDate>2026-06-29T02:39:17Z</responseDate><request verb="GetRecord" identifier="oai:docta.ucm.es:20.500.14352/116805" metadataPrefix="marc">https://docta.ucm.es/rest/oai/request</request><GetRecord><record><header><identifier>oai:docta.ucm.es:20.500.14352/116805</identifier><datestamp>2025-03-18T14:37:20Z</datestamp><setSpec>com_20.500.14352_14</setSpec><setSpec>col_20.500.14352_15</setSpec></header><metadata><record xmlns="http://www.loc.gov/MARC21/slim" xmlns:dcterms="http://purl.org/dc/terms/" xmlns:xsi="http://www.w3.org/2001/XMLSchema-instance" xmlns:doc="http://www.lyncode.com/xoai" xsi:schemaLocation="http://www.loc.gov/MARC21/slim http://www.loc.gov/standards/marcxml/schema/MARC21slim.xsd">
   <leader>00925njm 22002777a 4500</leader>
   <datafield ind2=" " ind1=" " tag="042">
      <subfield code="a">dc</subfield>
   </datafield>
   <datafield ind2=" " ind1=" " tag="720">
      <subfield code="a">Hernández Holgado, Fernando</subfield>
      <subfield code="e">author</subfield>
   </datafield>
   <datafield ind2=" " ind1=" " tag="260">
      <subfield code="c">2020</subfield>
   </datafield>
   <datafield ind2=" " ind1=" " tag="520">
      <subfield code="a">El objetivo de este artículo es presentar un balance esencialmente descriptivo de dos proyectos digitales dedicados a la memoria e historia de las presas del franquismo en España, los únicos existentes referidos a cárceles femeninas concretas: la prisión barcelonesa de Les Corts (1939-1955) y la cárcel de mujeres de Ventas en Madrid (1933-1969). En ambos casos los estudios históricos han ido de la mano de la memoria, a través de entrevistas y testimonios de las propias presas y sus familiares, presentes en los respectivos proyectos digitales en forma de cortes sonoros y elementos audiovisuales. Y también, en ambos casos la participación social a través de asociaciones memorialistas, colectivos vecinales y familiares de presas ha jugado un papel decisivo en una lenta labor de zapa social contra el olvido.</subfield>
   </datafield>
   <datafield ind1="8" ind2=" " tag="024">
      <subfield code="a">HERNÁNDEZ HOLGADO, F.  Memoria pública y digital sobre dos cárceles femeninas del franquismo”. Historia y memoria. Universidad Pedagógica y Tecnológica de Colombia 2020 (21): 173-197</subfield>
   </datafield>
   <datafield ind1="8" ind2=" " tag="024">
      <subfield code="a">10.19053/20275137.n21.2020.9868</subfield>
   </datafield>
   <datafield ind1="8" ind2=" " tag="024">
      <subfield code="a">https://hdl.handle.net/20.500.14352/116805</subfield>
   </datafield>
   <datafield ind1="8" ind2=" " tag="024">
      <subfield code="a">https://revistas.uptc.edu.co/index.php/historia_memoria/index</subfield>
   </datafield>
   <datafield ind2="0" ind1="0" tag="245">
      <subfield code="a">Memoria pública y digital sobre dos cárceles femeninas del franquismo</subfield>
   </datafield>
</record></metadata></record></GetRecord></OAI-PMH>